Meiste WM-Spiele ohne Gewinn - Statistiken

Allgemein
  • Dieses Quiz wurde 93 mal gespielt
  • Das Durchschnittsergebnis liegt bei 16 aus 20
Antwortstatistiken
Spiele WM-Teilnahmen Nation % Korrekt
51 14 Belgien
93%
25 7 Japan
93%
37 11 Vereinigte Staaten
93%
60 17 Mexiko
91%
45 11 Russland
90%
55 11 Niederlande
89%
51 12 Schweden
89%
38 9 Polen
88%
35 8 Portugal
88%
41 12 Schweiz
88%
29 7 Österreich
85%
38 11 Südkorea
85%
33 9 Chile
82%
33 9 Tschechien
82%
32 9 Ungarn
80%
30 6 Kroatien
79%
49 13 Serbien
77%
27 8 Paraguay
55%
26 8 Kamerun
50%
26 7 Bulgarien
46%
Keine übereinstimmenden Quizze gefunden
Verteilung der Resultate
Anzahl Personen mit jedem Resultat
Perzentil nach korrekt beantworteten Fragen
Ihre Resultats-Entwicklung
Sie haben dieses Quiz noch nicht gespielt